[Event "Vesterhavsturneringen 2004"]
[Site "Esbjerg"]
[Date "2004.07.05"]
[Round "4"]
[White "Bernhardsson, Sten"]
[Black "Rendboe, John Filip"]
[Result "1/2-1/2"]
[WhiteElo "2115"]
[BlackElo "2235"]
[PlyCount "64"]
[EventDate "2004.??.??"]
[EventType "swiss"]
[EventRounds "9"]
[EventCountry "DEN"]

1. d4 d5 2. c4 e6 3. Nf3 Nf6 4. Nc3 Be7 5. Bg5 O-O 6. e3 h6 7. Bh4 b6 8. cxd5
Nxd5 9. Bxe7 Qxe7 10. Rc1 Bb7 11. Bd3 Rc8 12. O-O Nd7 13. Nxd5 Bxd5 14. Bb1 c5
15. Re1 cxd4 16. Nxd4 Bb7 17. Qd2 Nf6 18. Qe2 Rc5 19. Rxc5 Qxc5 20. Rd1 Rc8 21.
a3 Qg5 22. f4 Qc5 23. Qb5 Rd8 24. Qe2 Rc8 25. h3 g6 26. Rd2 e5 27. Rc2 Qd5 28.
Rxc8+ Bxc8 29. Nf3 exf4 30. exf4 Qc5+ 31. Kh2 Bb7 32. Ba2 Kg7 1/2-1/2

[Event "Vesterhavsturneringen 2004"]
[Site "Esbjerg"]
[Date "2004.07.05"]
[Round "4"]
[White "Carlstedt, Jonathan"]
[Black "Andersen, Rune"]
[Result "0-1"]
[WhiteElo "2009"]
[BlackElo "2045"]
[PlyCount "90"]
[EventDate "2004.??.??"]
[EventType "swiss"]
[EventRounds "9"]
[EventCountry "DEN"]

1. c4 c6 2. Nf3 d5 3. cxd5 cxd5 4. g3 Nc6 5. d4 Bf5 6. Bg2 Bxb1 7. Rxb1 Qa5+ 8.
Bd2 Qxa2 9. O-O e6 10. Bc3 Nf6 11. Nd2 Qa6 12. Qb3 Qb6 13. Qxb6 axb6 14. e4 Be7
15. e5 Nd7 16. f4 g6 17. g4 b5 18. Nb3 O-O 19. f5 Bg5 20. Rf3 b6 21. f6 Rfc8
22. Be1 Na5 23. Nxa5 bxa5 24. h4 Rc1 25. Rxc1 Bxc1 26. b4 Bb2 27. Bc3 Bxc3 28.
Rxc3 a4 29. Bf1 a3 30. Rc1 a2 31. Ra1 Ra4 32. Kf2 Nb6 33. Bd3 Nc4 34. Bc2 Ra3
35. Ke2 Kf8 36. g5 Ke8 37. Kd1 Kd7 38. Ke2 Kc6 39. h5 Nb6 40. hxg6 hxg6 41. Kd1
Kb7 42. Kc1 Nc4 43. Bxg6 fxg6 44. f7 Rc3+ 45. Kd1 Rf3 0-1

[Event "Vesterhavsturneringen 2004"]
[Site "Esbjerg"]
[Date "2004.07.05"]
[Round "4"]
[White "Ditlevsen, Birgit"]
[Black "Jensen, Jorgen Tranbjerg"]
[Result "0-1"]
[WhiteElo "1229"]
[BlackElo "1557"]
[PlyCount "53"]
[EventDate "2004.??.??"]
[EventType "swiss"]
[EventRounds "9"]
[EventCountry "DEN"]

1. e4 c6 2. Nc3 d5 3. exd5 cxd5 4. Bb5+ Nc6 5. d4 Bf5 6. Nf3 e6 7. a3 Bd6 8.
Bxc6+ bxc6 9. Ne2 Nf6 10. Bg5 O-O 11. c3 Rb8 12. b4 Be4 13. Ng3 h6 14. Bxf6
Qxf6 15. Nxe4 dxe4 16. Nd2 Qg6 17. O-O Bf4 18. Nc4 Rb5 19. g3 Bb8 20. Qe2 Rh5
21. Ne3 f5 22. Ng2 f4 23. Qe1 f3 24. Ne3 Rh3 25. g4 Bxh2+ 26. Kh1 Bf4+ 27. Kg1
0-1

[Event "Vesterhavsturneringen 2004"]
[Site "Esbjerg"]
[Date "2004.07.05"]
[Round "4"]
[White "Dyrgaard, Kristoffer"]
[Black "Jensen, Thomas Astrup"]
[Result "1-0"]
[WhiteElo "1890"]
[BlackElo "1570"]
[PlyCount "125"]
[EventDate "2004.??.??"]
[EventType "swiss"]
[EventRounds "9"]
[EventCountry "DEN"]

1. e4 Nc6 2. d4 d5 3. e5 Bf5 4. Ne2 e6 5. Ng3 Bg6 6. c3 a6 7. Nd2 Na7 8. Nb3
Rc8 9. Be3 h5 10. h3 h4 11. Ne2 Nh6 12. Nf4 Bf5 13. Qd2 c6 14. Nd3 a5 15. Bg5
Be7 16. Bxe7 Qxe7 17. Nxa5 Bxd3 18. Bxd3 b6 19. Nb3 c5 20. dxc5 bxc5 21. Be2
Qc7 22. Qf4 Nf5 23. O-O Ne7 24. Qa4+ Kf8 25. Rac1 c4 26. Nd4 Nac6 27. Nxc6 Nxc6
28. Qa3+ Kg8 29. f4 g6 30. b4 Kg7 31. Qb2 Ne7 32. Bg4 Ra8 33. Ra1 Rhb8 34. a4
d4 35. cxd4 Nd5 36. b5 c3 37. Qf2 c2 38. Bf3 Rxa4 39. Rac1 Rc4 40. Bxd5 exd5
41. Qxh4 Rxd4 42. Qf6+ Kg8 43. e6 Rc4 44. f5 fxe6 45. Qxg6+ Qg7 46. Qxe6+ Qf7
47. Rf2 Rbc8 48. b6 d4 49. b7 Qxe6 50. fxe6 d3 51. bxc8=Q+ Rxc8 52. Rd2 Rb8 53.
Rcxc2 dxc2 54. Rxc2 Re8 55. Re2 Kg7 56. Kf2 Kf6 57. Kf3 Ke7 58. g4 Rh8 59. Kg3
Rg8 60. h4 Ra8 61. h5 Ra4 62. h6 Ra8 63. g5 1-0

[Event "Vesterhavsturneringen 2004"]
[Site "Esbjerg"]
[Date "2004.07.05"]
[Round "4"]
[White "Grove, Peter"]
[Black "Christensen, Henrik"]
[Result "0-1"]
[WhiteElo "1670"]
[BlackElo "1874"]
[PlyCount "88"]
[EventDate "2004.??.??"]
[EventType "swiss"]
[EventRounds "9"]
[EventCountry "DEN"]

1. e4 c5 2. Nf3 Nc6 3. d4 cxd4 4. Nxd4 g6 5. Be3 Nf6 6. Nc3 Bg7 7. Nxc6 bxc6 8.
e5 Nd5 9. Nxd5 cxd5 10. Qxd5 Rb8 11. O-O-O Qc7 12. Bf4 O-O 13. c3 Qb6 14. Qd2
d6 15. exd6 exd6 16. Bc4 Bg4 17. Rde1 d5 18. Bxb8 Rxb8 19. Bb3 d4 20. c4 a5 21.
f3 Bf5 22. Re7 a4 23. Bxa4 Bh6 24. Qxh6 Qxb2+ 25. Kd1 Qb1+ 26. Qc1 Qd3+ 27. Ke1
Rb1 28. Qxb1 Qxb1+ 29. Bd1 Qb4+ 30. Kf2 Qxe7 31. Re1 Qb4 32. Bb3 d3 33. Rd1
Qc5+ 34. Kf1 Qe3 35. Re1 Qf4 36. Kf2 Qh4+ 37. Kf1 Qxh2 38. Rd1 h5 39. c5 h4 40.
Kf2 Qg3+ 41. Ke3 Qxg2 42. c6 Qe2+ 43. Kf4 Qh2+ 44. Kg5 Kg7 0-1

[Event "Vesterhavsturneringen 2004"]
[Site "Esbjerg"]
[Date "2004.07.05"]
[Round "4"]
[White "Grubert, Christian"]
[Black "Andersen, Hans Jorgen"]
[Result "1-0"]
[WhiteElo "2054"]
[BlackElo "2060"]
[PlyCount "117"]
[EventDate "2004.??.??"]
[EventType "swiss"]
[EventRounds "9"]
[EventCountry "DEN"]

1. e4 e5 2. Nf3 Nc6 3. Bb5 a6 4. Bxc6 dxc6 5. O-O Bg4 6. d3 Nf6 7. Nbd2 Be7 8.
Nc4 Nd7 9. h3 Bxf3 10. Qxf3 O-O 11. Qg3 Re8 12. f4 Bc5+ 13. Kh1 Qf6 14. Bd2 Qg6
15. Qf3 exf4 16. Bxf4 b5 17. Ne3 Ne5 18. Bxe5 Rxe5 19. Nf5 Bf8 20. Qf4 Rae8 21.
Rf3 Bd6 22. Qd2 Qe6 23. Raf1 Rf8 24. Rg3 Rxf5 25. exf5 Qe5 26. Rff3 Qxg3 27.
Rxg3 Bxg3 28. Qe3 Bd6 29. g4 f6 30. Qe6+ Kh8 31. Qd7 c5 32. Qc6 b4 33. Qxa6 Re8
34. Qc6 Re1+ 35. Kg2 h6 36. Kf3 Ra1 37. Ke4 Re1+ 38. Kd5 Kg8 39. Kc4 Re2 40.
Kb3 Re3 41. h4 Kf7 42. a4 bxa3 43. bxa3 Re1 44. a4 Rb1+ 45. Kc3 Bg3 46. Qd5+
Ke7 47. Qxc5+ Bd6 48. Qc4 Kd7 49. Qf7+ Kc6 50. Qxg7 Kd5 51. Qf7+ Kc5 52. Qc4+
Kb6 53. a5+ Ka7 54. Qd4+ Ka6 55. Qxf6 Kxa5 56. Qxh6 Kb5 57. Kd4 Bc5+ 58. Kd5
Re1 59. Qc6+ 1-0

[Event "Vesterhavsturneringen 2004"]
[Site "Esbjerg"]
[Date "2004.07.05"]
[Round "4"]
[White "Hagesaether, Torill"]
[Black "Hamann, Brian"]
[Result "1-0"]
[WhiteElo "1980"]
[BlackElo "1667"]
[PlyCount "31"]
[EventDate "2004.??.??"]
[EventType "swiss"]
[EventRounds "9"]
[EventCountry "DEN"]

1. e4 e6 2. d4 d5 3. e5 c5 4. c3 Qb6 5. Nf3 Nc6 6. Bd3 Bd7 7. O-O c4 8. Bc2 f6
9. Re1 f5 10. h3 Na5 11. Ng5 g6 12. h4 h6 13. Nh3 O-O-O 14. Na3 Qc7 15. Nf4 Ne7
16. b4 1-0

[Event "Vesterhavsturneringen 2004"]
[Site "Esbjerg"]
[Date "2004.07.05"]
[Round "4"]
[White "Hansen, Hans Valdemar"]
[Black "Aagaard, Kasper Bek"]
[Result "1/2-1/2"]
[WhiteElo "1763"]
[BlackElo "1452"]
[PlyCount "103"]
[EventDate "2004.??.??"]
[EventType "swiss"]
[EventRounds "9"]
[EventCountry "DEN"]

1. e4 e5 2. Nf3 Nc6 3. d4 exd4 4. Nxd4 Nf6 5. Nc3 Bb4 6. Bg5 h6 7. Nxc6 bxc6 8.
Bd2 O-O 9. Bd3 Re8 10. O-O Bxc3 11. Bxc3 Nxe4 12. Bxg7 Kxg7 13. Re1 Nf6 14. Qf3
d5 15. Qg3+ Kf8 16. Qf4 Rxe1+ 17. Rxe1 Ng4 18. h3 Qf6 19. Qb4+ Qd6 20. Qxd6+
cxd6 21. hxg4 Bxg4 22. f3 Bd7 23. Kf2 Rc8 24. Rh1 Kg7 25. Rh4 c5 26. b3 Be6 27.
Ra4 Ra8 28. Ra6 Kf6 29. Rxd6 Ke5 30. Ra6 Kd4 31. f4 c4 32. bxc4 dxc4 33. Be2
Kc3 34. Bf3 Rd8 35. Be4 f5 36. Rxe6 fxe4 37. Rxe4 Rd2+ 38. Kf3 Rxc2 39. f5 Rd2
40. f6 Rd8 41. f7 Rf8 42. Re7 Kb2 43. Rxa7 c3 44. Rb7+ Ka1 45. Ke3 Rd8 46. Rd7
c2 47. Rxd8 c1=Q+ 48. Rd2 Qa3+ 49. Kf4 Qb4+ 50. Ke5 Qxd2 51. f8=Q Qe3+ 52. Kd5
1/2-1/2

[Event "Vesterhavsturneringen 2004"]
[Site "Esbjerg"]
[Date "2004.07.05"]
[Round "4"]
[White "Hansen, John B"]
[Black "Jakobsen, Christian Kjaergaar"]
[Result "0-1"]
[WhiteElo "1741"]
[BlackElo "2044"]
[PlyCount "80"]
[EventDate "2004.??.??"]
[EventType "swiss"]
[EventRounds "9"]
[EventCountry "DEN"]

1. d4 Nf6 2. c4 e6 3. Nc3 b6 4. e4 Bb4 5. Bg5 h6 6. Bxf6 Qxf6 7. Nge2 Bb7 8. f3
O-O 9. a3 Bxc3+ 10. Nxc3 d6 11. Qd2 Nc6 12. O-O-O e5 13. Nd5 Qd8 14. dxe5 dxe5
15. Qe3 Nd4 16. Nb4 a5 17. Nc2 c5 18. Nxd4 cxd4 19. Qd2 Rc8 20. Kb1 Qe7 21. Bd3
Rc7 22. Rc1 Rfc8 23. Rc2 Ba6 24. Rhc1 Qe6 25. Qe2 a4 26. Ka1 Rc5 27. Kb1 R8c7
28. Ka1 f6 29. g4 Bc8 30. Kb1 Bd7 31. Ka1 Be8 32. Kb1 Bf7 33. Rf1 b5 34. cxb5
Qa2+ 35. Kc1 Rxc2+ 36. Bxc2 Bb3 37. b6 Qa1+ 38. Kd2 Rxc2+ 39. Kd3 Qxb2 40. Qd2
Bc4# 0-1

[Event "Vesterhavsturneringen 2004"]
[Site "Esbjerg"]
[Date "2004.07.05"]
[Round "4"]
[White "Hansen, John Nyholm"]
[Black "Sorensen, Jorn Lindved"]
[Result "1-0"]
[WhiteElo "2021"]
[BlackElo "1784"]
[PlyCount "79"]
[EventDate "2004.??.??"]
[EventType "swiss"]
[EventRounds "9"]
[EventCountry "DEN"]

1. e4 c5 2. Nf3 d6 3. d4 cxd4 4. Nxd4 Nf6 5. Nc3 a6 6. g3 e5 7. Nde2 Be7 8. Bg2
Be6 9. Nd5 Nbd7 10. O-O Bxd5 11. exd5 b5 12. a4 Nb6 13. axb5 axb5 14. Rxa8 Qxa8
15. Qd3 Qa5 16. Bd2 b4 17. c4 bxc3 18. Bxc3 Qc5 19. Rc1 Qc4 20. Qxc4 Nxc4 21.
b3 Na3 22. Bb4 Nb5 23. Rc8+ Bd8 24. Rb8 Nd4 25. Nxd4 exd4 26. Bxd6 Kd7 27. Be5
d3 28. Bh3+ Ke7 29. d6+ Ke8 30. Bxf6 gxf6 31. Kf1 h5 32. Bf5 Rg8 33. h4 Kf8 34.
Rxd8+ Kg7 35. Rxg8+ Kxg8 36. Bxd3 Kf8 37. Bb5 f5 38. Ke2 f6 39. Ke3 Kf7 40. Kf4
1-0

[Event "Vesterhavsturneringen 2004"]
[Site "Esbjerg"]
[Date "2004.07.05"]
[Round "4"]
[White "Hartvig, Ove Weiss"]
[Black "Flindt, Thomas"]
[Result "1/2-1/2"]
[WhiteElo "2212"]
[BlackElo "2117"]
[PlyCount "47"]
[EventDate "2004.??.??"]
[EventType "swiss"]
[EventRounds "9"]
[EventCountry "DEN"]

1. e4 Nc6 2. Nc3 Nf6 3. d4 d5 4. e5 Nd7 5. f4 e6 6. Nce2 Ne7 7. Ng3 c5 8. c3
Nc6 9. Nf3 cxd4 10. cxd4 Bb4+ 11. Bd2 Qa5 12. a3 Bxd2+ 13. Qxd2 Qxd2+ 14. Kxd2
Na5 15. Rb1 Nb6 16. b3 Bd7 17. Bd3 O-O 18. Ne2 Rac8 19. Rhc1 Na8 20. Rc3 b5 21.
Rbc1 Nb6 22. Rxc8 Rxc8 23. Rxc8+ Nxc8 24. Kc3 1/2-1/2

[Event "Vesterhavsturneringen 2004"]
[Site "Esbjerg"]
[Date "2004.07.05"]
[Round "4"]
[White "Hein, Jacob"]
[Black "Dorup, Ivar"]
[Result "0-1"]
[WhiteElo "1317"]
[BlackElo "1690"]
[PlyCount "78"]
[EventDate "2004.??.??"]
[EventType "swiss"]
[EventRounds "9"]
[EventCountry "DEN"]

1. d4 f5 2. c4 Nf6 3. Nc3 d6 4. Nf3 g6 5. Qa4+ Bd7 6. Qb3 a5 7. a4 e6 8. h3 Nc6
9. g3 Bg7 10. Bg2 Rb8 11. Be3 Nb4 12. O-O O-O 13. Nb5 Kh8 14. Rad1 Ne4 15. Nd2
Nf6 16. Nf3 Rf7 17. Bg5 h6 18. Be3 Be8 19. Ne5 Re7 20. Nd3 Nxd3 21. Rxd3 c6 22.
Na3 g5 23. f4 gxf4 24. Rxf4 Nh5 25. Rf3 Bg6 26. Rd1 Qc7 27. Qd3 Kh7 28. Qd2 e5
29. g4 f4 30. gxh5 Bxh5 31. Rxf4 exf4 32. Bxf4 Rxe2 33. Qd3+ Kh8 34. Qg3 Rg8
35. Qh4 Rxg2+ 36. Kxg2 Bf6+ 37. Kh2 Bxh4 38. c5 Bxd1 39. Bxd6 Bg3+ 0-1

[Event "Vesterhavsturneringen 2004"]
[Site "Esbjerg"]
[Date "2004.07.05"]
[Round "4"]
[White "Hjorth, Henrik"]
[Black "Jacobsen, Jacob"]
[Result "0-1"]
[WhiteElo "1625"]
[BlackElo "1825"]
[PlyCount "48"]
[EventDate "2004.??.??"]
[EventType "swiss"]
[EventRounds "9"]
[EventCountry "DEN"]

1. d4 d5 2. Nf3 Nf6 3. Bf4 e6 4. e3 Be7 5. c3 Nbd7 6. Bd3 c5 7. h3 c4 8. Bc2 b5
9. Nbd2 Qb6 10. O-O Bb7 11. Re1 Bd6 12. Ne5 Bxe5 13. Bxe5 Nxe5 14. dxe5 Nd7 15.
f4 O-O-O 16. Nf3 f6 17. exf6 gxf6 18. Nd4 Rdg8 19. Kh1 e5 20. Nf5 Qe6 21. fxe5
fxe5 22. Re2 Rg5 23. Nh4 d4 24. exd4 Qxh3+ 0-1

[Event "Vesterhavsturneringen 2004"]
[Site "Esbjerg"]
[Date "2004.07.05"]
[Round "4"]
[White "Hust, Christian Winther"]
[Black "Sondergaard, Thomas"]
[Result "1-0"]
[WhiteElo "1561"]
[BlackElo "1872"]
[PlyCount "83"]
[EventDate "2004.??.??"]
[EventType "swiss"]
[EventRounds "9"]
[EventCountry "DEN"]

1. e4 c5 2. Nf3 Nc6 3. c3 d5 4. exd5 Qxd5 5. d4 Bg4 6. Be2 cxd4 7. cxd4 e6 8.
Nc3 Bb4 9. O-O Qa5 10. Bd2 O-O-O 11. Rc1 Kb8 12. a3 Bxc3 13. bxc3 Nf6 14. Qb3
Ne4 15. Rb1 Rd7 16. Bf4+ Ka8 17. Rfc1 Rc8 18. Bd3 Bxf3 19. gxf3 g5 20. Be3 Nf6
21. Bf1 Nd5 22. c4 Nf4 23. Rd1 Qc7 24. d5 Na5 25. Qa4 exd5 26. Bxf4 gxf4 27.
cxd5 b6 28. Bh3 Rg8+ 29. Kh1 Rdd8 30. Qe4 Qd6 31. Bf5 h6 32. Rg1 Nb7 33. Rxg8
Rxg8 34. Rb4 Nc5 35. Qxf4 Qxd5 36. Rd4 Qc6 37. Rd6 Qc7 38. Qxh6 Ne6 39. Be4+
Kb8 40. Qd2 Qc5 41. Rd7 Qb5 42. Qd6+ 1-0

[Event "Vesterhavsturneringen 2004"]
[Site "Esbjerg"]
[Date "2004.07.05"]
[Round "4"]
[White "Jacobsen, Per"]
[Black "Agger, Lars Breinholt"]
[Result "1/2-1/2"]
[WhiteElo "1570"]
[BlackElo "1836"]
[PlyCount "70"]
[EventDate "2004.??.??"]
[EventType "swiss"]
[EventRounds "9"]
[EventCountry "DEN"]

1. Nf3 Nf6 2. g3 g6 3. Bg2 d5 4. O-O Bg7 5. c4 O-O 6. cxd5 Nxd5 7. e4 Nb6 8. d4
f5 9. e5 Nd5 10. Qb3 e6 11. Nc3 c6 12. Ne2 Kh8 13. Nf4 Nxf4 14. Bxf4 Na6 15.
Rad1 Nc7 16. Bg5 Qd7 17. Qb4 Nd5 18. Qd2 b6 19. Bh6 a5 20. Bxg7+ Qxg7 21. Rc1
Bd7 22. a3 f4 23. Ng5 fxg3 24. fxg3 h6 25. Ne4 Rxf1+ 26. Rxf1 Rf8 27. Nf6 g5
28. Bxd5 cxd5 29. Qc3 Rc8 30. Qd3 Ba4 31. b3 Be8 32. Qa6 Qc7 33. Qd3 Qg7 34.
Qa6 Qc7 35. Qd3 Qe7 1/2-1/2

[Event "Vesterhavsturneringen 2004"]
[Site "Esbjerg"]
[Date "2004.07.05"]
[Round "4"]
[White "Jakobsen, Martin Skov"]
[Black "Jensen, Henrik Tranberg"]
[Result "1-0"]
[WhiteElo "2139"]
[BlackElo "2035"]
[PlyCount "69"]
[EventDate "2004.??.??"]
[EventType "swiss"]
[EventRounds "9"]
[EventCountry "DEN"]

1. e4 c6 2. c4 g6 3. Nc3 Bg7 4. Nf3 d6 5. Be2 Nf6 6. d4 O-O 7. O-O Na6 8. h3
Bd7 9. Be3 Rb8 10. e5 Ne8 11. Qd2 Nac7 12. Rad1 b5 13. c5 d5 14. Bd3 Ne6 15.
Ne2 f6 16. Bh6 Rf7 17. b4 a5 18. a3 Ra8 19. Bxg7 Kxg7 20. Ra1 Ra7 21. Ra2 a4
22. Qe3 N8c7 23. Nh2 Qh8 24. f4 f5 25. g4 Nf8 26. gxf5 Bxf5 27. Bxf5 gxf5 28.
Ng3 h6 29. Rg2 Kh7 30. Qd3 e6 31. Ng4 Nd7 32. Nh5 Ne8 33. Nxh6 Kxh6 34. Qg3 Nf8
35. Qh4 1-0

[Event "Vesterhavsturneringen 2004"]
[Site "Esbjerg"]
[Date "2004.07.05"]
[Round "4"]
[White "Jakobsen, Ole"]
[Black "Larsen, Peter"]
[Result "1/2-1/2"]
[WhiteElo "2379"]
[BlackElo "2150"]
[PlyCount "81"]
[EventDate "2004.??.??"]
[EventType "swiss"]
[EventRounds "9"]
[EventCountry "DEN"]

1. Nf3 f5 2. g3 Nf6 3. d4 g6 4. Bg2 Bg7 5. O-O O-O 6. c3 h6 7. Ne5 Kh7 8. Nd2
d6 9. Nd3 Nc6 10. Qb3 Qe8 11. f4 d5 12. Ne5 e6 13. Ndf3 Ne4 14. Be3 Nd8 15. c4
c6 16. Qc2 Nf7 17. Nxf7 Rxf7 18. Ne5 Bxe5 19. dxe5 Rg7 20. Bxe4 dxe4 21. h4 c5
22. Rad1 b6 23. Rd6 Bb7 24. Kf2 Rd8 25. Rfd1 Rxd6 26. Rxd6 Bc6 27. Qd2 Rd7 28.
Ke1 Kg8 29. Qc3 Rxd6 30. exd6 Qd8 31. Qe5 Kf7 32. Bd2 Qf6 33. Qxf6+ Kxf6 34.
Bc3+ Kf7 35. e3 h5 36. b4 Bb7 37. Kd2 Ba6 38. b5 Bb7 39. a4 Ke8 40. Be5 Kd7 41.
Kc3 1/2-1/2

[Event "Vesterhavsturneringen 2004"]
[Site "Esbjerg"]
[Date "2004.07.05"]
[Round "4"]
[White "Jensen, Jan"]
[Black "Kragh, Niels Kristian"]
[Result "0-1"]
[WhiteElo "1675"]
[BlackElo "1981"]
[PlyCount "86"]
[EventDate "2004.??.??"]
[EventType "swiss"]
[EventRounds "9"]
[EventCountry "DEN"]

1. d4 e6 2. c4 f5 3. Nc3 Nf6 4. Nf3 Be7 5. g3 O-O 6. Bg2 d6 7. O-O Ne4 8. Qc2
Nxc3 9. Qxc3 Bf6 10. Qc2 Nc6 11. e3 e5 12. dxe5 dxe5 13. Rd1 Qe7 14. Bd2 e4 15.
Ne1 Ne5 16. Bc3 Be6 17. b3 c5 18. Rd2 Bf7 19. Bxe5 Qxe5 20. Rc1 Rad8 21. Bf1
Bh5 22. Rxd8 Rxd8 23. Be2 Bxe2 24. Qxe2 Qd6 25. Kf1 Rd7 26. Ng2 Qd2 27. Rc2
Qxe2+ 28. Kxe2 g5 29. Rd2 Rxd2+ 30. Kxd2 Kf7 31. Ne1 Kg6 32. Ng2 Kh5 33. h3 Kg6
34. g4 h5 35. gxf5+ Kxf5 36. Ke2 g4 37. h4 Be5 38. Ne1 g3 39. f3 a6 40. a4 a5
41. Ng2 b6 42. Ne1 g2 43. f4 g1=Q 0-1

[Event "Vesterhavsturneringen 2004"]
[Site "Esbjerg"]
[Date "2004.07.05"]
[Round "4"]
[White "Jensen, Torben Richard"]
[Black "Jessen, Ernst J"]
[Result "1-0"]
[WhiteElo "1898"]
[BlackElo "1633"]
[PlyCount "67"]
[EventDate "2004.??.??"]
[EventType "swiss"]
[EventRounds "9"]
[EventCountry "DEN"]

1. c4 Nf6 2. Nc3 g6 3. g3 Bg7 4. Bg2 O-O 5. b4 Re8 6. d4 d6 7. Nf3 c6 8. O-O d5
9. c5 Nbd7 10. Bb2 a5 11. b5 e5 12. e3 e4 13. Nd2 Nf8 14. f3 exf3 15. Nxf3 Ng4
16. bxc6 bxc6 17. Qa4 Bd7 18. e4 dxe4 19. Ne5 Nxe5 20. dxe5 Rxe5 21. Ne2 Re7
22. Bxg7 Kxg7 23. Bxe4 Qc8 24. Nf4 Ne6 25. Nxe6+ Rxe6 26. Rad1 Qc7 27. Qd4+ Kg8
28. Qxd7 Qxd7 29. Rxd7 Rxe4 30. Rfxf7 Re6 31. Rg7+ Kh8 32. Rxh7+ Kg8 33. Rdg7+
Kf8 34. Ra7 1-0

[Event "Vesterhavsturneringen 2004"]
[Site "Esbjerg"]
[Date "2004.07.05"]
[Round "4"]
[White "Johansen, Johnny Holler"]
[Black "Storgaard, Morten Swayne"]
[Result "1-0"]
[WhiteElo "1916"]
[BlackElo "1505"]
[PlyCount "133"]
[EventDate "2004.??.??"]
[EventType "swiss"]
[EventRounds "9"]
[EventCountry "DEN"]

1. d4 d5 2. Nf3 Nf6 3. Bg5 e6 4. e3 c5 5. c4 Nc6 6. Nc3 cxd4 7. exd4 Bb4 8.
cxd5 exd5 9. Bd3 O-O 10. O-O Be6 11. Rc1 Re8 12. Bb1 h6 13. Bh4 Be7 14. h3 Qb6
15. Na4 Qa5 16. Nc5 Nd8 17. Ne5 Qb6 18. Qe2 Ne4 19. Bxe7 Rxe7 20. Nxe4 dxe4 21.
Qxe4 f5 22. Qh4 Re8 23. b3 Nc6 24. Nxc6 bxc6 25. Rc5 Rf8 26. Rfc1 Bd5 27. Qf4
Rf6 28. Qe5 Raf8 29. Qe2 Kh8 30. f3 Qb8 31. Qe5 Qb6 32. Qg3 Qb4 33. Qf2 Re8 34.
Bd3 Ree6 35. Bc4 Bxc4 36. R5xc4 Qa5 37. R4c2 Rd6 38. Qd2 Qb6 39. Rc4 Rfe6 40.
Qb4 Qd8 41. Qc5 Qg5 42. f4 Qg3 43. R4c3 Qxf4 44. Rf3 Qd2 45. Rf2 Qe3 46. Qc3 f4
47. Kf1 Rxd4 48. Qxe3 fxe3 49. Re2 Rf4+ 50. Ke1 Ref6 51. Kd1 Rd6+ 52. Kc2 Rf2
53. Rxf2 exf2 54. Rf1 Rf6 55. Kd2 Rf5 56. Ke3 Kh7 57. Rxf2 Rg5 58. Rc2 c5 59.
Kd3 a6 60. Ke4 h5 61. Rd2 Kg8 62. Kf4 Rg6 63. Ke5 Rg5+ 64. Kd6 Kf7 65. Re2 a5
66. Kc6 g6 67. Kb5 1-0

[Event "Vesterhavsturneringen 2004"]
[Site "Esbjerg"]
[Date "2004.07.05"]
[Round "4"]
[White "Kallenbach, Uffe"]
[Black "Konradsen, Vagn"]
[Result "1-0"]
[WhiteElo "1434"]
[BlackElo "1196"]
[PlyCount "33"]
[EventDate "2004.??.??"]
[EventType "swiss"]
[EventRounds "9"]
[EventCountry "DEN"]

1. d4 e6 2. c4 d6 3. e4 Nd7 4. f4 c5 5. d5 exd5 6. cxd5 g6 7. Nf3 Bg7 8. Nc3 a6
9. Bd3 Ne7 10. O-O O-O 11. Qe2 Nb6 12. Be3 Bg4 13. h3 Bxf3 14. Qxf3 f5 15. e5
dxe5 16. fxe5 Nbxd5 17. Bc4 1-0

[Event "Vesterhavsturneringen 2004"]
[Site "Esbjerg"]
[Date "2004.07.05"]
[Round "4"]
[White "Klitaa, Ib"]
[Black "Madsen, Simon Rise"]
[Result "1-0"]
[WhiteElo "1633"]
[BlackElo "1250"]
[PlyCount "43"]
[EventDate "2004.??.??"]
[EventType "swiss"]
[EventRounds "9"]
[EventCountry "DEN"]

1. e4 e5 2. Bc4 Nf6 3. d3 c6 4. Nf3 d5 5. exd5 Nxd5 6. O-O Bg4 7. Re1 Nd7 8. h3
Bh5 9. a3 Qf6 10. Nbd2 O-O-O 11. Qe2 Nf4 12. Qe3 Qg6 13. Nh4 Qf6 14. g3 Bc5 15.
Ne4 Qh6 16. Nxc5 Nxc5 17. Qxc5 g5 18. Bxf4 exf4 19. Nf5 Qf6 20. g4 b6 21. Qe7
Qg6 22. Ba6+ 1-0

[Event "Vesterhavsturneringen 2004"]
[Site "Esbjerg"]
[Date "2004.07.05"]
[Round "4"]
[White "Klos, Bjarne"]
[Black "Bonnelykke, Ole"]
[Result "0-1"]
[WhiteElo "1758"]
[BlackElo "2065"]
[PlyCount "80"]
[EventDate "2004.??.??"]
[EventType "swiss"]
[EventRounds "9"]
[EventCountry "DEN"]

1. d4 d5 2. c4 e6 3. g3 f5 4. Bg2 Nf6 5. Nh3 c6 6. Qc2 Bd6 7. Bf4 O-O 8. O-O
Qe7 9. Nd2 Bd7 10. Nf3 Be8 11. c5 Bxf4 12. Nxf4 Nbd7 13. Nd3 Bh5 14. Nfe5 Nxe5
15. Nxe5 Nd7 16. Nxd7 Qxd7 17. f4 h6 18. b4 Qe7 19. Rfb1 a6 20. a4 g5 21. e3
Be8 22. Bf1 Qf6 23. Qb2 Rc8 24. Be2 Rc7 25. Qd2 Rg7 26. Kf2 h5 27. Rg1 h4 28.
Rab1 Kh8 29. Rg2 Qh6 30. Qe1 Rfg8 31. Qh1 e5 32. dxe5 d4 33. Rgg1 dxe3+ 34.
Kxe3 Bh5 35. Bc4 Re8 36. e6 Rxe6+ 37. Bxe6 Qxe6+ 38. Kd2 Rd7+ 39. Kc1 Qe3+ 40.
Kb2 Rd2+ 0-1

[Event "Vesterhavsturneringen 2004"]
[Site "Esbjerg"]
[Date "2004.07.05"]
[Round "4"]
[White "Konstantinov, Maxim"]
[Black "Petersen, Jacob"]
[Result "1-0"]
[WhiteElo "1519"]
[BlackElo "1088"]
[PlyCount "77"]
[EventDate "2004.??.??"]
[EventType "swiss"]
[EventRounds "9"]
[EventCountry "DEN"]

1. d4 g6 2. c4 Bg7 3. Nc3 c6 4. Nf3 d6 5. e4 Nf6 6. Be2 O-O 7. h3 Nbd7 8. O-O
Nb6 9. Be3 Ne8 10. Qd2 Bd7 11. Bh6 f6 12. Bxg7 Nxg7 13. Rfd1 Be6 14. b3 Bf7 15.
c5 Nc8 16. b4 Qc7 17. Qc2 b6 18. Nb1 b5 19. a4 d5 20. axb5 dxe4 21. Qxe4 Bd5
22. Qc2 e6 23. bxc6 Ne7 24. b5 Ngf5 25. Nc3 g5 26. Nxd5 Nxd5 27. Qb3 Rfb8 28.
Bc4 Nfe7 29. Nd2 Nxc6 30. Ne4 Qf4 31. Bxd5 exd5 32. Qxd5+ Kg7 33. Qxc6 Rc8 34.
Qb7+ Kg6 35. Nd6 Rd8 36. Rxa7 Rxa7 37. Qxa7 Rxd6 38. cxd6 Qxd6 39. b6 1-0

[Event "Vesterhavsturneringen 2004"]
[Site "Esbjerg"]
[Date "2004.07.05"]
[Round "4"]
[White "Kwapinski, Leszek"]
[Black "Nielsen, Nicholas Roland"]
[Result "1/2-1/2"]
[WhiteElo "1785"]
[BlackElo "2176"]
[PlyCount "72"]
[EventDate "2004.??.??"]
[EventType "swiss"]
[EventRounds "9"]
[EventCountry "DEN"]

1. c4 f5 2. Nc3 Nf6 3. g3 e6 4. Bg2 d5 5. cxd5 exd5 6. Nf3 c6 7. e3 Bd6 8. O-O
O-O 9. a3 Nbd7 10. b4 Ne5 11. Nxe5 Bxe5 12. d4 Bd6 13. b5 Ne4 14. Qb3 Kh8 15.
a4 Qa5 16. Nxe4 fxe4 17. Ba3 Bxa3 18. Qxa3 Bg4 19. bxc6 bxc6 20. Rfc1 Rf6 21.
Ra2 Raf8 22. Qc5 Qc7 23. Rb1 Qf7 24. a5 Rxf2 25. Qxf8+ Qxf8 26. Rxf2 Qd6 27.
Rb7 h5 28. Rxa7 Qa3 29. a6 Qxe3 30. Rb7 Kh7 31. a7 Qa3 32. h3 e3 33. Rff7 e2
34. Rxg7+ Kh6 35. Rge7 Bf3 36. Bxf3 Qxf3 1/2-1/2

[Event "Vesterhavsturneringen 2004"]
[Site "Esbjerg"]
[Date "2004.07.05"]
[Round "4"]
[White "Leimand, Peter Martin"]
[Black "Pedersen, Jan"]
[Result "1-0"]
[WhiteElo "2074"]
[BlackElo "2393"]
[PlyCount "65"]
[EventDate "2004.??.??"]
[EventType "swiss"]
[EventRounds "9"]
[EventCountry "DEN"]

1. e4 Nf6 2. e5 Nd5 3. d4 d6 4. c4 Nb6 5. exd6 cxd6 6. Nc3 g6 7. Nf3 Bg7 8. Be3
O-O 9. a4 Nc6 10. a5 Nd7 11. Qa4 e5 12. dxe5 Nc5 13. Qa3 Na6 14. exd6 Nab4 15.
O-O-O Bf5 16. Nd4 Nxd4 17. Bxd4 Nc2 18. Qc5 Nxd4 19. Rxd4 Bxd4 20. Qxd4 Qxa5
21. Bd3 Bxd3 22. Nd5 f6 23. Qxd3 Rad8 24. Rd1 Qa1+ 25. Kc2 Qa4+ 26. Kb1 Rf7 27.
Qd4 Kg7 28. Nf4 Qe8 29. Qd5 Re7 30. dxe7 Rxd5 31. Nxd5 Kf7 32. Re1 Qc6 33.
e8=Q+ 1-0